Clash royale spells - Statistics

General Stats
  • This quiz has been taken 29 times
    6 since last reset
  • The average score is 18 of 24
Answer Stats
Hint Answer % Correct
Common Arrows
100%
Rare Fireball
100%
Epic Lightning
100%
Epic Poison
100%
Rare Rocket
100%
Epic Vines
100%
Common Zap
100%
Evo Evo giant snowball
75%
Evo Evo goblin barrel
75%
Evo Evo zap
75%
Common Giant snowball
75%
Epic Goblin barrel
75%
Epic Goblin curse
75%
Legenday Graveyard
75%
Epic Mirror
75%
Epic Rage
75%
Legendary The log
75%
Epic Clone
50%
Rare Earthquake
50%
Epic Freeze
50%
Epic Tornado
50%
Epic Void
50%
Epic Barbarian barrel
25%
Common Royal delivery
25%
No matching quizzes found
Score Distribution
Percent of People with Each Score
Percentile by Number Answered
Your Score History
You have not taken this quiz since the last reset